KOHA-Header-6

پہلا پتھر (Record no. 13629)

000 -LEADER
fixed length control field 00300nam a22001097a 4500
082 ## - DEWEY DECIMAL CLASSIFICATION NUMBER
Classification number 808.84621
100 ## - MAIN ENTRY--AUTHOR NAME
Personal name کیپٹن نذیرالدین خان
245 ## - TITLE STATEMENT
Title پہلا پتھر
260 ## - PUBLICATION, DISTRIBUTION, ETC. (IMPRINT)
Place of publication کراچی
Name of publisher نیا ہورائزن پبلیکیشنز
Year of publication ٢٠٠٨
300 ## - PHYSICAL DESCRIPTION
Number of Pages ٣٨٢ صفحات
942 ## - ADDED ENTRY ELEMENTS (KOHA)
Koha item type Books
Holdings
Withdrawn status Lost status Collection code Permanent Location Current Location Shelving location Date acquired Full call number Accession Number Koha item type
    Urdu Literature MAJU MAJU Shelf No.A11 2022-12-23 808.84621 10713 Books

Powered by Koha